Never far from home : (Record no. 2625)

MARC details
000 -LEADER
fixed length control field 00646cam a2200229 i 4500
001 - CONTROL NUMBER
control field 2680322
003 - CONTROL NUMBER IDENTIFIER
control field GBCCL
005 - DATE AND TIME OF LATEST TRANSACTION
control field 20241126110433.0
008 - FIXED-LENGTH DATA ELEMENTS--GENERAL INFORMATION
fixed length control field 750401s1975 txu 000 0aeng
010 ## -
-- 74082657
020 ## - INTERNATIONAL STANDARD BOOK NUMBER
Terms of availability $5.95
040 ## - CATALOGING SOURCE
Original cataloging agency DLC
Transcribing agency DLC
Modifying agency DLC
050 00 -
-- BX5995.K57
-- A33
082 00 - DEWEY DECIMAL CLASSIFICATION NUMBER
Classification number 283.092
-- B
Item number KNO
100 1# - MAIN ENTRY--PERSONAL NAME
Personal name Knox, John,
Dates associated with a name 1900-1990
9 (RLIN) 5538
245 10 - TITLE STATEMENT
Title Never far from home :
Remainder of title the story of my life /
Statement of responsibility, etc. John Knox.
260 ## - PUBLICATION, DISTRIBUTION, ETC.
Place of publication, distribution, etc. Waco, Tex. :
Name of publisher, distributor, etc. Word Books,
Date of publication, distribution, etc. [1975]
300 ## - PHYSICAL DESCRIPTION
Extent 170 p. ;
Dimensions 23 cm.
600 10 - SUBJECT ADDED ENTRY--PERSONAL NAME
Personal name Knox, John,
Dates associated with a name 1900-1990
9 (RLIN) 5538
906 ## - LOCAL DATA ELEMENT F, LDF (RLIN)
a 7
b cbc
c orignew
d 2
e opcn
f 19
g y-gencatlg
942 ## - ADDED ENTRY ELEMENTS (KOHA)
Source of classification or shelving scheme Dewey Decimal Classification
Koha item type Books
Holdings
Withdrawn status Lost status Source of classification or shelving scheme Damaged status Not for loan Home library Current Library Shelving location Date acquired Total checkouts Full call number Barcode Date last seen Copy number Price effective from Koha item type
    Dewey Decimal Classification     GRACE BIBLE COLLEGE GRACE BIBLE COLLEGE Church History 2017-09-06   283.092 KNO 007426 2025-05-01 c.1 2017-09-06 Books
© Grace Bible College Library 2025